000 00753nam a2200241 i 4500
001 bg
100 1 _aŚMIAŁOWSKA-UBERMAN, Zofia
245 0 _aKompendium wiedzy prawnej dla geodetów /
_cZofia Śmiałowska-Uberman.
260 _aKatowice :
_b"Gall",
_c2003.
300 _a546 s. ;
_c25 cm.
504 _aBibliogr.
650 9 _aPrawo
_zPolska
_ystan na 2003 r.
650 9 _aGeodezja
_xprawo
_zPolska
_ystan na 2003 r.
655 _aPodręczniki
020 _a8387178489
040 _cBPK
041 0 _apol
080 _a34+342.951:528](438)(094.4)
920 _a83-87178-48-9
942 _cKS
008 s pl f |000 0 pol
999 _c42582
_d42582
856 _uhttp://koha.tu.koszalin.pl/cgi-bin/koha/opac-detail.pl?biblionumber=42582
_yKatalog online BPK